{"text_format":"2","workbook":"xlsx","n_sheets":4,"sheets":["Capa","Desconto","Resumo","Sintético"],"not_rendered":{"charts":0,"images":3,"macros":1,"external_links":1,"defined_names":7,"comments":0,"pivot_tables":0},"unopened":[],"bounds":{"document_bytes":16777216,"sheet_cells":100000,"run_cost":"one","rows_first":2000,"rows_last":500,"rows_between":2000,"halvings":0,"cell_chars":16384,"cell_head_chars":4096},"cells_cut":0,"cells_raw":0,"read":"whole","date_system":"1900"}

{"sheet":"Capa","index":0,"n_rows":37,"n_cols":7,"rows_kept":37,"cut":false,"hidden":false,"merged":[[31,0,33,6],[18,1,18,3],[19,1,19,3],[26,2,26,3],[27,2,27,3],[28,2,28,3],[29,2,29,3],[24,4,24,6],[25,4,25,6],[17,1,17,3],[0,0,1,6],[14,1,14,3],[15,1,15,3],[16,1,16,3]]}
["ORÇAMENTO DETALHADO"]
[]
["SINAPI 04/2026 - Minas Gerais"]
["SICRO 01/2026 - Minas Gerais"]
{"$rows_empty":11}
[3,"Inclusão de fórmulas e coluna de desconto",null,null,"2026-06-18","FPC","FPC"]
[2,"Atualização da base de preços",null,null,"2026-05-25","FPC","FPC"]
[1,"Revisão interna",null,null,"2025-11-04","FPC","FPC"]
[0,"Emissão inicial",null,null,"2025-10-24","FPC","FPC"]
["Revisão","Descrição",null,null,"Data","Execução","Aprovação"]
[{"$nulls":4},"Resp. Técnico:"]
[]
[]
[]
[{"$nulls":4},"Fabrício Pereira Cruz"]
[{"$nulls":4},"Eng.º Naval / RNP 1517649730"]
[]
[]
[]
[]
["Escopo: "]
["Construção de ferry boat para atendimento à demanda de transporte de travessia de passageiros do município de Morada Nova de Minas, Estado de Minas Gerais "]
[]
[]
[]
["Objeto:",null,null,null,"Arquivo:"]
["FERRY BOAT 42 M ",null,null,null,"25.PJ.129-01-PN.06-R3"]

{"sheet":"Desconto","index":1,"n_rows":3,"n_cols":3,"rows_kept":3,"cut":false,"hidden":false,"merged":[]}
[]
[null,null,"Insira o desconto na célula abaixo."]
[null,"Desconto",0]

{"sheet":"Resumo","index":2,"n_rows":17,"n_cols":25,"rows_kept":17,"cut":false,"hidden":false,"merged":[[0,0,0,3]]}
["ORÇAMENTO SINTÉTICO",{"$nulls":23},{"$f":"Objeto","v":"FERRY BOAT 42 M "}]
["Item","Descrição","Total c/ BDI","Peso",{"$nulls":20},{"$f":"Arquivo","v":"25.PJ.129.01-PN.05-R3"}]
[1,"MOBILIZAÇÃO E DESMOBILIZAÇÃO",{"$f":"Sintético!J4","v":94651.199999999997},{"$f":"ROUND(C3/$C$16,4)","v":1.0699999999999999E-2}]
[2,"ADMINISTRAÇÃO",{"$f":"Sintético!J6","v":966864.7},0.10979999999999999]
[3,"ESTRUTURA",{"$f":"Sintético!J8","v":4050362.5900000003},0.45979999999999999]
[4,"ACESSÓRIOS",{"$f":"Sintético!J13","v":158856.85999999999},1.7999999999999999E-2]
[5,"PINTURA",{"$f":"Sintético!J18","v":534688.31000000006},6.0699999999999997E-2]
[6,"REDES DE TUBULAÇÕES",{"$f":"Sintético!J21","v":231215.48999999996},2.6200000000000001E-2]
[7,"SISTEMA ELÉTRICO",{"$f":"Sintético!J49","v":55392.53},6.3E-3]
[8,"MÁQUINAS E EQUIPAMENTOS",{"$f":"Sintético!J53","v":434331.91000000003},4.9299999999999997E-2]
[9,"SEGURANÇA E SALVATAGEM",{"$f":"Sintético!J57","v":38899.879999999997},4.4000000000000003E-3]
[10,"ACABAMENTO",{"$f":"Sintético!J61","v":9128.25},1E-3]
[11,"SERVIÇOS COMPLEMENTARES",{"$f":"Sintético!J64","v":82288.03},9.2999999999999992E-3]
[]
[]
[null,"Total c/ BDI =",8808784.3100000005]
[null,"Total c/ BDI e desconto =",{"$f":"Sintético!J68","v":8808784.3131750003}]

{"sheet":"Sintético","index":3,"n_rows":71,"n_cols":24,"rows_kept":71,"cut":false,"hidden":false,"merged":[[70,0,70,2],[0,0,0,9],[68,0,68,2],[69,0,69,2]]}
["ORÇAMENTO DETALHADO",{"$nulls":22},{"$f":"Objeto","v":"FERRY BOAT 42 M "}]
[{"$nulls":4},"BDI =",0.32329999999999998,"Desconto",{"$f":"Desconto!C3","v":0}]
["Item","Código","Banco","Descrição","Und","Quant.","Valor Unit (CPU)","Custo total","Desconto","Total com Desconto",{"$nulls":13},{"$f":"Arquivo","v":"25.PJ.129-01-PN.06-R3"}]
[" 1 ","  ",null,"MOBILIZAÇÃO E DESMOBILIZAÇÃO",null,null,null,{"$f":"TRUNC(H5,2)","v":94651.199999999997},null,{"$f":"SUM(J5)","v":94651.199999999997}]
[" 1.1 "," E9041 ","SICRO3","Caminhão guindauto com capacidade de elevação de 11,9 t e carroceria de 11,5 t - 188 kW","H",240,394.38,{"$f":"G5*F5","v":94651.199999999997},{"$f":"H2","v":0},{"$f":"TRUNC(G5*(1-I5)*F5,2)","v":94651.199999999997}]
[" 2 ","  ",null,"ADMINISTRAÇÃO",null,null,null,{"$f":"TRUNC(H7,2)","v":966864.7},null,{"$f":"SUM(J7)","v":966864.7}]
[" 2.1 "," 25-PJ.129-01 ","Próprio","Administração local","mês",10,96686.47,966864.7,{"$f":"H2","v":0},{"$f":"TRUNC(G7*(1-I7)*F7,2)","v":966864.7}]
[" 3 ","  ",null,"ESTRUTURA",null,null,null,{"$f":"TRUNC(SUM(H9:H12),2)","v":4050362.59},null,{"$f":"SUM(J9:J12)","v":4050362.5900000003}]
[" 3.1 "," CDV.01 ","Próprio","Beneficiamento de aço naval (soldagem, corte, dobra e montagem)","kg",129964,22.62,2939785.68,{"$f":"$H$2","v":0},{"$f":"TRUNC(G9*(1-I9)*F9,2)","v":2939785.68}]
[" 3.2 "," M1376 ","SICRO3","Chapa fina em aço ASTM A36","kg",91378.99,9.25,{"$f":"TRUNC(G10*F10,2)","v":845255.65},{"$f":"$H$2","v":0},{"$f":"TRUNC(G10*(1-I10)*F10,2)","v":845255.65}]
[" 3.3 "," M0682 ","SICRO3","Aço em perfis ASTM A36","kg",25368.799999999999,9.9499999999999993,252419.55999999997,{"$f":"$H$2","v":0},{"$f":"TRUNC(G11*(1-I11)*F11,2)","v":252419.56}]
[" 3.4 "," M0395 ","SICRO3","Chapa de alumínio - E = 1,5 mm","m²",81.900000000000006,157.53,{"$f":"TRUNC(G12*F12,2)","v":12901.7},{"$f":"$H$2","v":0},{"$f":"TRUNC(G12*(1-I12)*F12,2)","v":12901.7}]
[" 4 ","  ",null,"ACESSÓRIOS",null,null,null,{"$f":"TRUNC(SUM(H14:H17),2)","v":158856.85999999999},null,{"$f":"SUM(J14:J17)","v":158856.85999999999}]
[" 4.1 "," 25-PJ.129-13 ","Próprio","Cabeço duplo 10\" - Fabricação e montagem (inclui o fornecimento do aço)","un",4,6206.61,24826.44,{"$f":"$H$2","v":0},{"$f":"TRUNC(G14*(1-I14)*F14,2)","v":24826.44}]
[" 4.2 "," 25-PJ.129-14 ","Próprio","Porta de visita 600x600, c/ parafusos e borracha de vedação","unid",10,941.33,9413.3000000000011,{"$f":"$H$2","v":0},{"$f":"TRUNC(G15*(1-I15)*F15,2)","v":9413.2999999999993}]
[" 4.3 "," 25-PJ.129-15 ","Próprio","Guincho 500 kg (fabricação, montagem e instalação) com âncora de 100 kg e linha de ancoragem","unid",2,23847.58,47695.16,{"$f":"$H$2","v":0},{"$f":"TRUNC(G16*(1-I16)*F16,2)","v":47695.16}]
[" 4.4 "," 25-PJ.129-18 ","Próprio","Guincho de 1.000 kg (fabricação, montagem e instalação) com acessórios da rampa","unid",2,38460.980000000003,76921.960000000006,{"$f":"$H$2","v":0},{"$f":"TRUNC(G17*(1-I17)*F17,2)","v":76921.960000000006}]
[" 5 ","  ",null,"PINTURA",null,null,null,{"$f":"TRUNC(SUM(H19:H20),2)","v":534688.31000000006},null,{"$f":"SUM(J19:J20)","v":534688.31000000006}]
[" 5.1 "," 7107378 ","SICRO3","Tratamento superficial e pintura do fundo do flutuante","m²",516.65,186.75,{"$f":"TRUNC(G19*F19,2)","v":96484.38},{"$f":"$H$2","v":0},{"$f":"TRUNC(G19*(1-I19)*F19,2)","v":96484.38}]
[" 5.2 "," 7107384 ","SICRO3","Tratamento superficial e pintura da ponte e demais estruturas metálicas navais - exceto fundo do flutuante","m²",3709.82,118.12,{"$f":"TRUNC(G20*F20,2)","v":438203.93},{"$f":"$H$2","v":0},{"$f":"TRUNC(G20*(1-I20)*F20,2)","v":438203.93}]
[" 6 ","  ",null,"REDES DE TUBULAÇÕES",null,null,null,{"$f":"TRUNC(SUM(H22,H29,H34,H43),2)","v":231215.49},null,{"$f":"SUM(J22,J29,J34,J43)","v":231215.48999999996}]
[" 6.1 ","  ",null,"REDE DE ÓLEO COMBUSTÍVEL",null,null,null,{"$f":"TRUNC(SUM(H23:H28),2)","v":69849.17},null,{"$f":"SUM(J23:J28)","v":69849.17}]
[" 6.1.1 "," P9807 ","SICRO3","Bombeiro hidráulico","h",160,33.85,{"$f":"G23*F23","v":5416},{"$f":"$H$2","v":0},{"$f":"TRUNC(G23*(1-I23)*F23,2)","v":5416}]
[" 6.1.2 "," P9802 ","SICRO3","Ajudante especializado","h",160,26.72,4275.2,0,4275.2]
[" 6.1.3 "," M3530 ","SICRO3","Tubo mecânico em aço-carbono","kg",69.040000000000006,25.22,1741.1888000000001,0,1741.18]
[" 6.1.4 "," 25-PJ.129-20 ","Próprio","Tanque de combustível de 2.000 L com acessórios - Fabricação, montagem e instalação","unid",1,20423.560000000001,20423.560000000001,0,20423.560000000001]
[" 6.1.5 "," 25-PJ.129-21 ","Próprio","Tanque de combustível de 500 L com acessórios - Fabricação, montagem e instalação","unid",1,7114.86,7114.86,0,7114.86]
[" 6.1.6 "," M0264 ","SICRO3","Bomba de combustível industrial eletrônica simples","un",1,30878.37,30878.37,0,30878.37]
[" 6.2 ","  ",null,"REDE DE ESGOTO",null,null,null,{"$f":"TRUNC(SUM(H30:H33),2)","v":64858},null,{"$f":"SUM(J30:J33)","v":64858}]
[" 6.2.1 "," P9807 ","SICRO3","Bombeiro hidráulico","h",240,33.85,8124,{"$f":"$H$2","v":0},{"$f":"TRUNC(G30*(1-I30)*F30,2)","v":8124}]
[" 6.2.2 "," P9802 ","SICRO3","Ajudante especializado","h",240,26.72,6412.7999999999993,{"$f":"$H$2","v":0},{"$f":"TRUNC(G31*(1-I31)*F31,2)","v":6412.8}]
[" 6.2.3 "," M3530 ","SICRO3","Tubo mecânico em aço-carbono","kg",1460,25.22,36821.199999999997,{"$f":"$H$2","v":0},{"$f":"TRUNC(G32*(1-I32)*F32,2)","v":36821.199999999997}]
[" 6.2.4 "," 00010592 ","SINAPI","BOMBA SUBMERSIVEL, ELETRICA, TRIFASICA, POTENCIA 0,99 HP, DIAMETRO ROTOR 98 MM SEMIABERTO, BOCAL DE SAIDA DIAMETRO 2 POLEGADAS, HM/Q = 2 M / 28,90 M3/H A 14 M / 7 M3/H","UN",2,6750,13500,{"$f":"$H$2","v":0},{"$f":"TRUNC(G33*(1-I33)*F33,2)","v":13500}]
[" 6.3 ","  ",null,"REDE DE ÁGUAS CINZAS E NEGRAS",null,null,null,{"$f":"TRUNC(SUM(H35:H42),2)","v":45898.36},null,{"$f":"SUM(J35:J42)","v":45898.36}]
[" 6.3.1 "," P9807 ","SICRO3","Bombeiro hidráulico","h",80,33.85,2708,{"$f":"$H$2","v":0},{"$f":"TRUNC(G35*(1-I35)*F35,2)","v":2708}]
[" 6.3.2 "," P9802 ","SICRO3","Ajudante especializado","h",80,26.72,2137.6,0,2137.6]
[" 6.3.3 "," 00009869 ","SINAPI","TUBO PVC, SOLDAVEL, DE 32 MM, AGUA FRIA (NBR-5648)","M",31.2,10.119999999999999,315.74399999999997,0,315.74]
[" 6.3.4 "," 00044260 ","SINAPI","TUBO CPVC, SOLDAVEL, 114 MM, AGUA QUENTE (NBR 15884)","M",15.6,424.11,{"$f":"TRUNC(G38*F38,2)","v":6616.11},0,6616.11]
[" 6.3.5 "," 00034636 ","SINAPI","CAIXA D'AGUA / RESERVATORIO EM POLIETILENO, 1000 LITROS, COM TAMPA","UN",1,492.1,492.1,0,492.1]
[" 6.3.6 "," 00010592 ","SINAPI","BOMBA SUBMERSIVEL, ELETRICA, TRIFASICA, POTENCIA 0,99 HP, DIAMETRO ROTOR 98 MM SEMIABERTO, BOCAL DE SAIDA DIAMETRO 2 POLEGADAS, HM/Q = 2 M / 28,90 M3/H A 14 M / 7 M3/H","UN",1,6750,6750,0,6750]
[" 6.3.7 "," CDV.02 ","Próprio","Projeto, fornecimento e instalação de Estação de Tratamento de Esgoto (ETE)","unid",1,9060.49,9060.49,0,9060.49]
[" 6.3.8 "," CDV.03 ","Próprio","Projeto, fornecimento e instalação de Estação de Tratamento de Água (ETA)","unid",1,17818.32,17818.32,0,17818.32]
[" 6.4 ","  ",null,"REDE HIDRÁULICA DO LEME",null,null,null,{"$f":"TRUNC(SUM(H44:H48),2)","v":50609.96},null,{"$f":"SUM(J44:J48)","v":50609.96}]
[" 6.4.1 "," P9807 ","SICRO3","Bombeiro hidráulico","h",200,33.85,{"$f":"TRUNC(G44*F44,2)","v":6770},{"$f":"$H$2","v":0},{"$f":"TRUNC(G44*(1-I44)*F44,2)","v":6770}]
[" 6.4.2 "," P9807 ","SICRO3","Bombeiro hidráulico","h",200,33.85,6770,{"$f":"$H$2","v":0},{"$f":"TRUNC(G45*(1-I45)*F45,2)","v":6770}]
[" 6.4.3 "," M1765 ","SICRO3","Tubo em aço-carbono schedule 40 - D = 65 mm (2 1/2\")","m",20,118.77,2375.4,{"$f":"$H$2","v":0},{"$f":"TRUNC(G46*(1-I46)*F46,2)","v":2375.4}]
[" 6.4.4 "," 25-PJ.129-22 ","Próprio","Tanque de óleo hidráulico de 250 L com acessórios - Fabricação, montagem e instalação","unid",1,23278.2,23278.2,{"$f":"$H$2","v":0},{"$f":"TRUNC(G47*(1-I47)*F47,2)","v":23278.2}]
[" 6.4.5 "," 25-PJ.129-E34 ","Próprio","Unidade hidráulica elétrica 160 bar (máquina do leme)","unid",1,11416.36,{"$f":"TRUNC(G48*F48,2)","v":11416.36},{"$f":"$H$2","v":0},{"$f":"TRUNC(G48*(1-I48)*F48,2)","v":11416.36}]
[" 7 ","  ",null,"SISTEMA ELÉTRICO",null,null,null,{"$f":"TRUNC(SUM(H50:H52),2)","v":55392.53},null,{"$f":"SUM(J50:J52)","v":55392.53}]
[" 7.1 "," 25-PJ.129-08 ","Próprio","Instalação de equipamentos de navegação","unid",1,41019.050000000003,41019.050000000003,{"$f":"$H$2","v":0},{"$f":"TRUNC(G50*(1-I50)*F50,2)","v":41019.050000000003}]
[" 7.2 "," 25-PJ.129-07 ","Próprio","Instalação elétrica básica","unid",1,12247.89,12247.89,{"$f":"$H$2","v":0},{"$f":"TRUNC(G51*(1-I51)*F51,2)","v":12247.89}]
[" 7.3 "," 103249 ","SINAPI","AR CONDICIONADO SPLIT ON/OFF, HI-WALL (PAREDE), 12000 BTUS/H, CICLO QUENTE/FRIO - FORNECIMENTO E INSTALAÇÃO. AF_11/2021_PE","UN",1,2125.59,2125.59,{"$f":"$H$2","v":0},{"$f":"TRUNC(G52*(1-I52)*F52,2)","v":2125.59}]
[" 8 ","  ",null,"MÁQUINAS E EQUIPAMENTOS",null,null,null,{"$f":"TRUNC(SUM(H54:H56),2)","v":434331.91},null,{"$f":"SUM(J54:J56)","v":434331.91000000003}]
[" 8.1 "," 25-PJ.129-05 ","Próprio","Sistema de ventilação da praça de máquinas e descarga do motor de propulsão","unid",1,29956.45,29956.45,{"$f":"$H$2","v":0},{"$f":"TRUNC(G54*(1-I54)*F54,2)","v":29956.45}]
[" 8.2 "," 25-PJ.129-12 ","Próprio","Fornecimento e instalação de motor de propulsão de 450 HP com reversor 4:1, incluso o fornecimento e alinhamento de eixo propulsor","unid",1,344436.99,344436.99,{"$f":"$H$2","v":0},{"$f":"TRUNC(G55*(1-I55)*F55,2)","v":344436.99}]
[" 8.3 "," 25-PJ.129-23 ","Próprio","Fornecimento e instalação de grupo gerador de 30 kVA","unid",1,59938.47,59938.47,{"$f":"$H$2","v":0},{"$f":"TRUNC(G56*(1-I56)*F56,2)","v":59938.47}]
[" 9 ","  ",null,"SEGURANÇA E SALVATAGEM",null,null,null,{"$f":"TRUNC(SUM(H58:H60),2)","v":38899.879999999997},null,{"$f":"SUM(J58:J60)","v":38899.879999999997}]
[" 9.1 "," 25-PJ.129-09 ","Próprio","Itens de salvatagem com identificação (nome da embarcação, porto e número de inscrição)","unid",1,37396.07,37396.07,{"$f":"$H$2","v":0},{"$f":"TRUNC(G58*(1-I58)*F58,2)","v":37396.07}]
[" 9.2 "," 101908 ","SINAPI","EXTINTOR DE INCÊNDIO PORTÁTIL COM CARGA DE PQS DE 4 KG, CLASSE BC - FORNECIMENTO E INSTALAÇÃO. AF_10/2020_PE","UN",7,176.03,1232.21,{"$f":"$H$2","v":0},{"$f":"TRUNC(G59*(1-I59)*F59,2)","v":1232.21}]
[" 9.3 "," 101911 ","SINAPI","EXTINTOR DE INCÊNDIO PORTÁTIL COM CARGA DE PQS DE 12 KG, CLASSE BC - FORNECIMENTO E INSTALAÇÃO. AF_10/2020_PE","UN",1,271.60000000000002,{"$f":"TRUNC(G60*F60,2)","v":271.60000000000002},{"$f":"$H$2","v":0},{"$f":"TRUNC(G60*(1-I60)*F60,2)","v":271.60000000000002}]
[" 10 ","  ",null,"ACABAMENTO",null,null,null,{"$f":"TRUNC(SUM(H62:H63),2)","v":9128.25},null,{"$f":"SUM(J62:J63)","v":9128.25}]
[" 10.1 "," 25-PJ.129-26 ","Próprio","Fornecimento e instalação das esquadrias (comando, banheiro e paiol)","unid",1,5773.07,{"$f":"TRUNC(G62*F62,2)","v":5773.07},{"$f":"$H$2","v":0},{"$f":"TRUNC(G62*(1-I62)*F62,2)","v":5773.07}]
[" 10.2 "," 25-PJ.129-27 ","Próprio","Fornecimento e instalação de cerâmica e porcelanato (banheiro e lavatório externo)","unid",1,3355.18,{"$f":"TRUNC(G63*F63,2)","v":3355.18},{"$f":"$H$2","v":0},{"$f":"TRUNC(G63*(1-I63)*F63,2)","v":3355.18}]
[" 11 ","  ",null,"SERVIÇOS COMPLEMENTARES",null,null,null,{"$f":"TRUNC(SUM(H65:H67),2)","v":82288.03},null,{"$f":"TRUNC(SUM(J65:J67),2)","v":82288.03}]
[" 11.1 "," 25-PJ.129-04 ","Próprio","Elaboração do projeto executivo e manuais","un",1,35967.269999999997,{"$f":"TRUNC(G65*F65,2)","v":35967.269999999997},{"$f":"$H$2","v":0},{"$f":"TRUNC(G65*(1-I65)*F65,2)","v":35967.269999999997}]
[" 11.2 "," 25-PJ.129-10 ","Próprio","Comissionamento (prova de mar, prova de máquinas e entrega técnica)","unid",1,5254.46,{"$f":"TRUNC(G66*F66,2)","v":5254.46},{"$f":"$H$2","v":0},{"$f":"TRUNC(G66*(1-I66)*F66,2)","v":5254.46}]
[" 11.3 "," 25-PJ.129-11 ","Próprio","Transporte fluvial da embarcação","dia",5,8213.26,{"$f":"TRUNC(G67*F67,2)","v":41066.300000000003},{"$f":"$H$2","v":0},{"$f":"TRUNC(G67*(1-I67)*F67,2)","v":41066.300000000003}]
[{"$nulls":6},"Custo total",{"$f":"SUM(H64,H61,H57,H49,H21,H18,H13,H8,H6,H4,H53)","v":6656679.75},"Preço de Venda (Calculado pela soma do Custo Total de cada item, com BDI e com Desconto linear)",{"$f":"SUM(J64,J61,J57,J53,J49,J21,J18,J13,J8,J6,J4)*(1+F2)","v":8808784.3131750003}]
[]
[]
[{"$nulls":6},"Valor Global (Calculado pelo Custo total mais BDI) - Conforme Seção 10 do Termo de Referência",{"$f":"H68*(1+F2)","v":8808784.3131750003},null,{"$f":"H71*(100%-Desconto!C3)","v":8808784.3131750003}]